| 000 | 00854nam a2200229Ii 4500 | ||
|---|---|---|---|
| 003 | JO-AjNU | ||
| 008 | 230605s9999||||xx |||||||||||||| ||und|| | ||
| 017 | _a2011/6/2131 | ||
| 020 | _a978-9957-32-598-5 | ||
| 040 |
_aJO-AjNU _bara _erda _cJO-AjNU |
||
| 041 | _aara | ||
| 050 | 1 | 4 | _aDS35.65.H39 2012 |
| 100 | 3 |
_aالهزايمة، محمد عوض, _eauthor _960944 |
|
| 245 | 0 | 0 | _aحاضر العالم الاسلامي وقضاياه السياسية المعاضرة |
| 250 | _aط1 | ||
| 264 | 3 | 1 | _aعمان: دار الحامد للنشر والتوزيع، 2012 |
| 300 |
_a482ص _bيحتوي على خرائط |
||
| 336 |
_atext _btxt _2rdacontent |
||
| 337 |
_aunmediated _bn _2rdamedia |
||
| 338 |
_avolume _bnc _2rdacarrier |
||
| 650 | 4 |
_aالبلدان الاسلامية-البلدان العربية-التاريخ الاسلامي _960945 |
|
| 999 |
_aA27518 _c31086 _d31086 |
||